000 00960nas a2200277 4500
001 BR9200770
003 BR-BrBNA
005 20231205092314.0
007 ta
008 230509b bl.|||p| |||| 00| 00por d
040 _aBR-BrBNA
_bpor
_cBiblioteca Nacional de Agricultura
041 _a(Pt)
072 _aH20
100 1 _aMoreira, A.M.
100 1 _aAlfenas, A.C.
100 1 _aRegazzi, A.J.
245 1 _aEfeito do substrato e da idade da cultura sobre o formato da vesicula, numero de septos e dimensoes de conidios de Cylindrocladium spp.
246 1 _aEffect of substrate and age of culture on vesicle shape, septation and size of conidia Cylindrocladium spp.
650 _aEUCALIPTO
650 _aMAMONA
650 _aPODRIDAO PEDUNCULAR
650 _aCONIDIO
773 0 _tFitopatologia Brasileira (Brazil)
_xISSN 0100-4158
_g(Mar 1991), v. 16(1) p. 54-59
_wBR9200770
909 _a202311
_bLúcia
_c55
_dLúcia Elande
942 _2AGRIS
_n0
_cANA
999 _c130798
_d130798